Corso di lezioni sulle strade ferrate dato nel r. Istituto tecnico superiore di Milano, l'anno scolastico 1869-70

Salvato in:
Dettagli Bibliografici
Autore principale: Loria, Leonardo.
Natura: Libro
Lingua:italiano
Pubblicazione: Milano Ronchi 1870
Catalogo:EDISCO:  Risultati della ricerca del catalogo della biblioteca
Libro di testo Classificazione:
Tags: Aggiungi Tag
Nessun Tag, puoi essere il primo ad aggiungerne!!
Aggiunto a:2016-04-30
Cambiato in:2017-10-18

MARC

LEADER 00000aam a22000007 4500
001 04550
003 OSt
005 20171018094200.0
008 160501s1870 it 000 0 ita
040 |c Gianfranco Bandini - Firenze - CLIO 
041 1 |a ita 
100 1 |a Loria, Leonardo. 
245 0 0 |a Corso di lezioni sulle strade ferrate dato nel r. Istituto tecnico superiore di Milano, l'anno scolastico 1869-70 
260 |a Milano  |b Ronchi  |c 1870 
300 |a , 1/x ;  
901 |a 7 
942 |2 ddc  |c BK 
546 |a ita 
999 |c 4539  |d 4539 
999 |c edisco:4539  |d 4539